01496nam a2200289 a 450000100100000000500170001000800410002702000180006804000250008608200180011110000330012924501290016226000360029130000390032750400270036659000270039365000350042065000320045565000340048791000370052195201310055895201310068995201310082095201160095195201220106799900170118900003930320250523121133.0130621s2012 dr ad 001 0 spa d a9789945165203 aDO-SdBNPbspacBNPHU a657.42bH557c1 aHernández, Norberto96549710aContabilidad de costos :buna herramienta indispensable en la gestión competitiva de los negocios /cNorberto Hernández. aSanto Domingo :bBúho,c2012. a415 p. :bil., gráfcs. ;c29 cm. aBibliografía: p. 415 aInventariado, 2018/ YL 0aContabilidad de costos 943739 4aAnálisis de costos965498 4aEmpresasxContabilidad965499 aValidado. Control de calidad EMS 001054708DSaGRbGRcHDd2013-06-21iLF1l0o657.42 H557cp39303-30r2020-06-25te. 3w2020-06-25yLFDSZPréstamo en sala 001054708DSaGRbGRcHDd2014-02-25iLF1l0o657.42 H557cp39303-40r2020-06-25te. 4w2020-06-25yLFDSZPréstamo en sala 001054708DSaGRbGRcHDd2014-02-25iLF1l0o657.42 H557cp39303-50r2020-06-25te. 5w2020-06-25yLFDSZPréstamo en sala 0010718PDaPDbPDcHDd2013-06-21iLF1l0o657.42 H557cp39303-10r2020-06-25w2020-06-25yLFPDZNo se presta 0011718PDaPDbPDcMId2013-06-21iLF1l0o657.42 H557cp39303-20r2020-06-25te. 2w2020-06-25yLFPDZNo se presta c38793d38793